Score 0/45 Timer 04:00
1 Play Today
Clue 4-Letter Word % Correct
★ '____ to the Future' ★★ BACK ★
99%
★ Bouncy toy ★★ BALL ★
95.2%
Dollar, informallyBUCK
95%
★ Shower alternative ★★ BATH ★
94.6%
Chipmunks, Chip 'n' ____DALE
94.4%
Loch ____ monsterNESS
93.5%
StoryTALE
93.3%
Starbucks sizeTALL
92.8%
Teenager's room, typicallyMESS
92%
May 30, 1991, e.g.DATE
90.5%
'Hell ____ no fury…'HATH
90.1%
China shop wreckerBULL
87.8%
Say grace, e.g.PRAY
86.3%
★ Current events ★★ NEWS ★
85.8%
Word before mail or crimeHATE
85.8%
★ Theater production ★★ PLAY ★
83.7%
Main portionBULK
83.4%
★ Do the dishes or laundry ★★ WASH ★
80.6%
Bee relativeWASP
80.6%
Wine stopperCORK
79.7%
A crushing blowBASH
77.3%
Dish made from potatoesMASH
76.1%
Boil, bake or braiseCOOK
75.6%
Clue 4-Letter Word % Correct
★ Employment ★★WORK ★
74.7%
Donkey's cryBRAY
73.1%
HurryRUSH
72.8%
Prison or hospital unitWARD
71.5%
CorrosionRUST
71.5%
Underwear for womenBRAS
70.5%
Hasty or recklessRASH
69.3%
StitchesSEWS
68.6%
Twist out of shapeWARP
67.9%
★ Lie down ★★ REST ★
67.6%
Rumple up hairMUSS
66.8%
★ Porridge ★★ MUSH ★
65.4%
Boars' matesSOWS
63.8%
Special type of ladderWORD
61.3%
Headwear for young girlsBOWS
61.1%
Impressive accomplishmentFEAT
60.6%
Big partyFEST
58.3%
Lash or whipFLAY
57.5%
Off pitchFLAT
55.9%
Neckwear for fancy ladiesBOAS
52.4%
Crowlike carrion birdROOK
43.7%
☆ Word that may follow all the starred clues ☆☆ ROOM ☆
33.3%

Today's Daily Dose

Missing Word
'T' Pairs

Word Ladder
Game Pieces

Get the Picture
Baseball Movies

Remove Ads.
Support Sporcle.
Get the best of Sporcle when you Go Orange. This ad-free experience offers more features, more stats, and more fun while also helping to support Sporcle. Thank you for becoming a member.

You're not logged in!

Compare scores with friends on all Sporcle quizzes.
OR
Log In

Show Comments

Extras

Top Quizzes Today


Score Distribution

Your Account Isn't Verified!

In order to create a playlist on Sporcle, you need to verify the email address you used during registration. Go to your Sporcle Settings to finish the process.

Report this User

Report this user for behavior that violates our Community Guidelines.

Details: